Ägyptische Kunstwerke aus der Sammlung Hans und Sonja Humbel /
محفوظ في:
المؤلف الرئيسي:
مؤلفون آخرون:
التنسيق: كتاب
اللغة: German
منشور في:
Zürich :
FO-Publishing,
2014.
الموضوعات:
الوسوم: إضافة وسم
لا توجد وسوم, كن أول من يضع وسما على هذه التسجيلة!
رقم الطلب: N5350 .H89 2014
| LEADER | 01220namaa2200289 4500 | ||
|---|---|---|---|
| 001 | 25173 | ||
| 003 | OSt | ||
| 005 | 20250820130143.0 | ||
| 008 | 130303s2014 sz af bc 000 0 ger d | ||
| 020 | |a 9783905681949 | ||
| 020 | |a 3905681943 | ||
| 040 | |c ARCE Library | ||
| 050 | 4 | |a N5350 .H89 2014 | |
| 100 | 1 | |a Wiese, André, |d 1963- |e author | |
| 245 | 1 | 0 | |a Ägyptische Kunstwerke aus der Sammlung Hans und Sonja Humbel / |c André Wiese ; unter Mitarbeit von Dorothea Blome. |
| 264 | 1 | |a Zürich : |b FO-Publishing, |c 2014. | |
| 300 | |a 182 pages : |b illustrations (chiefly color), plates ; |c 28 cm. | ||
| 500 | |a This book highlights the most important objects from the Hans and Sonja Humbel collection. Included are works from Egyptian prehistory, the Old, Middle and New Kingdoms, the Late Period (1st millennium BC.) and the Ptolemaic era. | ||
| 504 | |a Includes bibliographical references (p. 178-182). | ||
| 600 | 1 | 0 | |a Humbel, Hans |x Art collections |v Catalogs. |
| 600 | 1 | 0 | |a Humbel, Sonja |x Art collections |v Catalogs. |
| 650 | 0 | |a Art, Egyptian |z Germany |v Catalogs. | |
| 651 | 0 | |a Egypt |x Antiquities |v Collections. | |
| 700 | 1 | |a Blome, Dorothea. |9 26917 | |
| 901 | |a reviewed | ||
| 942 | |c BK |2 lcc | ||
| 999 | |c 21131 |d 21131 | ||
